02518nam a2200361uu 4500001000800000005001700008008004100025020001800066035001200084040001300096041000800109082000800117100004000125245006700165250001700232260004300249300003600292490003400328505032700362520092900689650002801618650004601646650004801692650003601740650003601776650005901812650005001871700005201921700004601973700004502019700004702064700004502111134411120260508084423.0130923e20130923 spa  a9789588366739 a1344111 ccomduadb aspa 4a30510aEscobar García, Bibiana4auteaut10aMujer, negra y desplazada : triple victimización en Colombia a2. edición aMedellín :bEdiciones UNAULA,c2013. a154 páginas :bilustraciones.0 aCultura de la investigación aCONTENIDO : Capítulo I: Anotaciones metodológicas. -- Capítulo II: Memorias de un pueblo negro. -- Capítulo III: Realidades para escuchar voces femeninas negras. -- Capítulo IV: Voces. -- Capítulo V: Marco jurídico mujer, negra, desplazada. -- Anexo I. -- Conclusiones. -- Bibliografía. -- Cibergrafía. .3 aColombia es el segundo país con mayor desplazamiento forzado en el mundo por causa de la violencia. Entre las personas afectadas, las mujeres son las que más lesiones psicológicas y físicas reciben por el desplazamiento; y de ellas, las mujeres afro, que sufren la triple discriminación de la sociedad: como desplazadas, negras y hembras. Sobreviven ahora fuera de sus lugares de origen, pero cuentas sus historias para todos, y para que no se repita en el futuro. ¿Cómo han reconstruidos sus vidas?, ¿cómo se resisten y recuperan?, ¿qué tipo de relaciones crean, luego del desplazamiento?, ¿cómo es adectada su memoria cultural? Reconocer al ser humano que hay detrás de la etiquet de víctima, desplazada, negra es uno de los propósitos de la investigación. Sus voces dicen de lso temores y sueños que padecen. Aun así, continúan representando la esperanza de una vida digna en Colombia. aMujeres afrocolombianas 7aDiscriminación racialzColombia2armarc aDesplazamiento forzado de afrodescendientes aDerechos de la mujer - Colombia 7aViolencia contra la mujer2lemb 7aMujeresxCuestiones sociales y moraleszColombia2lemb 7aMujeresxCondiciones socialeszColombia2lemb10aVásquez Santamaría, Jorge Eduardo4auteaut10aSaldarriaga Florez, Nora Isabel4auteaut10aVillegas Sierra, Beatriz Elena4auteaut10aMejía Córdoba, Walter Raúl4auteaut10aNizhelski Álvarez, Alexander4auteaut